Top 15 MLB Players Of 2024 ( So Far ) - Statistics

General Stats
  • This quiz has been taken 68 times
  • The average score is 7 of 15
Answer Stats
Hint Answer % Correct
#2 Aaron Judge
89%
#1 Shohei Ohtani
89%
#4 Juan Soto
75%
#3 Mookie Betts
75%
#5 Gunnar Henderson
73%
#13 Bobby Witt Jr.
64%
#15 Fernando Tatis Jr.
47%
#10 Marcell Ozuna
47%
#7 Tarik Skubal
40%
#6 Kyle Tucker
33%
#14 Elly De La Cruz
29%
#11 Luis Arraez
22%
#12 Sonny Gray
11%
#8 Taijuan Walker
9%
#9 Clay Holmes
7%
No matching quizzes found
Score Distribution
Percent of People with Each Score
Percentile by Number Answered
Your Score History
You have not taken this quiz